00514nam a2200169Ia 4500003000900000005001700009008004100026040003300067041000800100080001200108245006800120260000900188300002600197942000700223952009700230999001700327LK-CoDNM20240924095710.0010623t1906 xxu||||| |||| 00| 1 eng d aLK-CoDNMdLK-CoDNMeLK-CoDNM aeng a15 bE1 aPhotographs of the finds of the Archaeological Survey of Ceylon c1906 b cliii, ill , 30 cm cBK 001041708OBCaMAINbMAINcREFd2024-09-24l0o15 E1pOJP1241r2024-09-24w2024-09-24yBK c86234d86234